<?xml version="1.0" encoding="UTF-8"?>
<collection xmlns="http://www.loc.gov/MARC21/slim">
 <record>
  <leader>00942cam a2200241 7i4500</leader>
  <controlfield tag="001">0000009605</controlfield>
  <controlfield tag="005">20200308090000.0</controlfield>
  <controlfield tag="008">200308s1999    my #   ###   #00001may##</controlfield>
  <datafield tag="020" ind1="#" ind2="#">
   <subfield code="a">9836361885 </subfield>
  </datafield>
  <datafield tag="040" ind1="#" ind2="#">
   <subfield code="a">UMT</subfield>
  </datafield>
  <datafield tag="090" ind1="0" ind2="#">
   <subfield code="a">PL 5138 </subfield>
   <subfield code="b">.T3 1999</subfield>
  </datafield>
  <datafield tag="245" ind1="0" ind2="0">
   <subfield code="a">Talian kasih : </subfield>
   <subfield code="b">kumpulan cerpen  </subfield>
   <subfield code="c">penyelenggara Abdullah Hussain, Othman Puteh.</subfield>
  </datafield>
  <datafield tag="264" ind1="#" ind2="1">
   <subfield code="a">Kuala Lumpur: </subfield>
   <subfield code="b">Dewan Bahasa dan Pustaka, </subfield>
   <subfield code="c">1999.</subfield>
  </datafield>
  <datafield tag="300" ind1="#" ind2="#">
   <subfield code="a">322 pages; </subfield>
   <subfield code="c">18 cm.</subfield>
  </datafield>
  <datafield tag="336" ind1="#" ind2="#">
   <subfield code="a">text</subfield>
   <subfield code="2">rdacontent</subfield>
  </datafield>
  <datafield tag="337" ind1="#" ind2="#">
   <subfield code="a">unmediated</subfield>
   <subfield code="2">rdamedia</subfield>
  </datafield>
  <datafield tag="338" ind1="#" ind2="#">
   <subfield code="a">volume</subfield>
   <subfield code="2">rdacarrier</subfield>
  </datafield>
  <datafield tag="500" ind1="#" ind2="#">
   <subfield code="a">Buku ini adalah hasil projek Perkampungan Penulis GAPENA 1 (1994-1995) anjuran Gabungan Persatuan Penulis Nasional Malaysia (GAPENA) dengan kerjasama badan-badan gabungannya</subfield>
  </datafield>
  <datafield tag="650" ind1="#" ind2="0">
   <subfield code="a">Short stories, Malay -- </subfield>
   <subfield code="x">Collected works </subfield>
  </datafield>
  <datafield tag="650" ind1="0" ind2="0">
   <subfield code="a">Malay fiction </subfield>
  </datafield>
  <datafield tag="700" ind1="0" ind2="#">
   <subfield code="a">Othman Puteh(</subfield>
   <subfield code="d">1944-) </subfield>
  </datafield>
  <datafield tag="700" ind1="0" ind2="#">
   <subfield code="a">Abdullah Hussain(</subfield>
   <subfield code="d">1920-) </subfield>
  </datafield>
  <datafield tag="999" ind1=" " ind2=" ">
   <subfield code="a">1000398640</subfield>
   <subfield code="b">Book</subfield>
   <subfield code="c">Open Shelf</subfield>
   <subfield code="e">KOLEKSI TERBUKA</subfield>
  </datafield>
 </record>
</collection>
